[Event "Schaffhausen op"]
[Site "Schaffhausen"]
[Date "2022.03.20"]
[Round "5"]
[White "Gloeckler, Christian"]
[Black "Fischer, Thomas"]
[Result "1-0"]
[WhiteElo "1417"]
[BlackElo "1922"]
[PlyCount "89"]
[EventDate "2022.03.18"]
[EventType "swiss"]
[EventRounds "5"]
[EventCountry "SUI"]
[SourceTitle "CBM 207 Extra"]
[Source "ChessBase"]
[SourceDate "2022.05.31"]
[SourceVersion "1"]
[SourceVersionDate "2022.05.31"]
[SourceQuality "1"]

1. e4 c5 2. Nf3 Nc6 3. d4 cxd4 4. Nxd4 Nf6 5. Nc3 e5 6. Ndb5 d6 7. Bg5 a6 8. Na3 b5 9. Nd5 Be7 10. Bxf6 Bxf6 11. c3 0-0 12. Nc2 Bg5 13. h4 Bh6 14. a4 bxa4 15. Rxa4 a5 16. Bc4 Kh8 17. g4 Bf4 18. b4 Be6 19. b5 Ne7 20. Nce3 Bxe3 21. Nxe3 Rc8 22. h5 Rc5 23. Qb3 Qd7 24. Rxa5 Bxc4 25. Nxc4 Qe6 26. Nd2 Qxg4 27. Ra7 Qg2 28. Rh4 Qg5 29. Rh3 Qg1+ 30. Nf1 Qg4 31. Rxe7 d5 32. Rg3 Qxe4+ 33. Re3 Qf4 34. R7xe5 g6 35. Rxd5 Rc4 36. Rd4 Rxd4 37. cxd4 Ra8 38. Qb2 Qf6 39. h6 g5 40. b6 Qxh6 41. b7 Rb8 42. Qb5 Qd6 43. Re8+ Kg7 44. Rxb8 Qxb8 45. Qe5+ 1-0

[Event "GER-ch Net blitz qual4"]
[Site "Playchess.com INT"]
[Date "2020.03.23"]
[Round "7"]
[White "Fischer, Thomas"]
[Black "Acikel, Mert"]
[Result "0-1"]
[WhiteElo "1954"]
[BlackElo "2149"]
[PlyCount "150"]
[EventDate "2020.03.23"]
[EventType "swiss (blitz)"]
[EventRounds "9"]
[EventCountry "GER"]
[SourceTitle "CBM 195 Extra"]
[Source "ChessBase"]
[SourceDate "2020.05.31"]
[SourceVersion "1"]
[SourceVersionDate "2020.05.31"]
[SourceQuality "1"]

1. e4 e5 2. Nf3 Nc6 3. Bc4 Bc5 4. b4 Bxb4 5. c3 Ba5 6. Qb3 Qe7 7. d4 Bb6 8. dxe5 Na5 9. Qa4 Nxc4 10. Qxc4 d6 11. Ba3 Be6 12. Qa4+ Bd7 13. Qb3 0-0-0 14. 0-0 Bc6 15. Nbd2 h6 16. Rfe1 Qe6 17. Nc4 d5 18. Nxb6+ axb6 19. Nd4 Qxe5 20. Nxc6 bxc6 21. exd5 Qxd5 22. c4 Qf5 23. Qa4 Kb7 24. Rab1 Nf6 25. c5 Nd5 26. cxb6 cxb6 27. Qb3 Rhe8 28. Rec1 Qd7 29. Bc5 b5 30. a4 Re4 31. axb5 cxb5 32. Qf3 Rde8 33. g3 Nc7 34. Rb4 Qc6 35. Rxe4 Qxe4 36. Qxe4+ Rxe4 37. Bf8 g6 38. Bxh6 b4 39. Be3 b3 40. Rb1 Rb4 41. Rb2 Nd5 42. Bd2 Rb5 43. Kf1 Nb6 44. Ke2 Nc4 45. Rb1 Ka6 46. Bc3 Na3 47. Rb2 Nc4 48. Rb1 Kb6 49. Kd3 Na3 50. Rb2 Kc5 51. Bd4+ Kd5 52. Be3 Nc4 53. Rb1 f5 54. Kc3 Nxe3 55. fxe3 b2 56. h4 Ke4 57. Kd2 Rb3 58. Kc2 Rxe3 59. Kxb2 Rxg3 60. Rh1 f4 61. h5 gxh5 62. Rxh5 Kf3 63. Kc2 Kf2 64. Kd2 Re3 65. Rh2+ Kf1 66. Rh1+ Kg2 67. Rh8 Re5 68. Rf8 f3 69. Rg8+ Kf1 70. Rg3 f2 71. Rg8 Rd5+ 72. Ke3 Ke1 73. Ra8 f1Q 74. Ra1+ Rd1 75. Ra2 Qh3+ 0-1

[Event "GER-ch Net blitz qual4"]
[Site "Playchess.com INT"]
[Date "2020.03.23"]
[Round "9"]
[White "Fischer, Thomas"]
[Black "Hagenbeck Huebert, Ben"]
[Result "1-0"]
[WhiteElo "1954"]
[BlackElo "1749"]
[PlyCount "85"]
[EventDate "2020.03.23"]
[EventType "swiss (blitz)"]
[EventRounds "9"]
[EventCountry "GER"]
[SourceTitle "CBM 195 Extra"]
[Source "ChessBase"]
[SourceDate "2020.05.31"]
[SourceVersion "1"]
[SourceVersionDate "2020.05.31"]
[SourceQuality "1"]

1. e4 e5 2. Nf3 Nc6 3. Bc4 Nf6 4. Ng5 d5 5. exd5 Na5 6. d3 Nxc4 7. dxc4 h6 8. Nf3 e4 9. Qe2 Be7 10. Nd4 c5 11. Nb3 Bg4 12. Qe3 b6 13. h3 Bh5 14. Nc3 Bg6 15. Bd2 0-0 16. 0-0 Re8 17. Ne2 Bd6 18. Bc3 Nd7 19. Nf4 Bh7 20. Nh5 Be5 21. Bxe5 Nxe5 22. Nd2 Qh4 23. Ng3 f5 24. Qc3 f4 25. Ngxe4 Bxe4 26. Nxe4 f3 27. Ng3 fxg2 28. Kxg2 Nxc4 29. f4 Ne3+ 30. Kh2 Nxf1+ 31. Rxf1 Re7 32. Nf5 Re2+ 33. Kh1 Qxh3+ 34. Qxh3 Rae8 35. Qg3 g5 36. fxg5 Rxc2 37. gxh6+ Kf7 38. Nd6+ Ke7 39. Nxe8 Kxe8 40. Qg6+ Kd7 41. Qxc2 Kd8 42. Qh7 Kc8 43. Rf8# 1-0

[Event "GER-ch Net blitz qual4"]
[Site "Playchess.com INT"]
[Date "2020.03.23"]
[Round "6"]
[White "Fischer, Thomas"]
[Black "Radke, Rocco Mario"]
[Result "0-1"]
[WhiteElo "1954"]
[BlackElo "2027"]
[PlyCount "128"]
[EventDate "2020.03.23"]
[EventType "swiss (blitz)"]
[EventRounds "9"]
[EventCountry "GER"]
[SourceTitle "CBM 195 Extra"]
[Source "ChessBase"]
[SourceDate "2020.05.31"]
[SourceVersion "1"]
[SourceVersionDate "2020.05.31"]
[SourceQuality "1"]

1. e4 g6 2. d4 Bg7 3. Nc3 d6 4. Be3 a6 5. Qd2 b5 6. f3 Bb7 7. Nh3 Nd7 8. Bd3 c5 9. dxc5 Nxc5 10. Nf4 Nf6 11. h4 h5 12. 0-0-0 Rc8 13. Kb1 Nfd7 14. Ncd5 Na4 15. c3 e6 16. Nb4 Nxc3+ 17. bxc3 Bxc3 18. Qe2 Bxb4 19. Bd4 e5 20. Bb2 0-0 21. Nd5 Bxd5 22. exd5 Bc3 23. g4 Nf6 24. gxh5 Nxh5 25. Rhg1 Qf6 26. Bc1 Bd4 27. Bg5 Qg7 28. Rg4 Nf4 29. Bxf4 exf4 30. h5 g5 31. Qe4 Be5 32. Qf5 f6 33. Qe6+ Kh8 34. h6 Qf7 35. Bf5 Qxe6 36. dxe6 Rc7 37. h7 Rxh7 38. Bxh7 Kxh7 39. Rc1 Re8 40. Rc6 Rxe6 41. Rxa6 Re7 42. Rb6 Kg6 43. Rxb5 f5 44. Rg2 Kh5 45. Rb8 Rh7 46. Rg8 Rb7+ 47. Kc1 Rg7 48. Rh8+ Kg6 49. Rh3 Kf6 50. Rh6+ Kf7 51. Rh8 g4 52. fxg4 fxg4 53. Rh5 f3 54. Rf2 Ke6 55. Kc2 Kd5 56. Kd3 Kc6 57. Ke4 Re7 58. Rc2+ Kd7 59. Rg5 g3 60. Rg6 Rf7 61. Ke3 f2 62. Rc1 f1Q 63. Rxf1 Rxf1 64. Rh6 Ra1 0-1

[Event "GER-ch Net blitz qual4"]
[Site "Playchess.com INT"]
[Date "2020.03.23"]
[Round "5"]
[White "Kreigenfeld, Sven"]
[Black "Fischer, Thomas"]
[Result "1/2-1/2"]
[WhiteElo "2032"]
[BlackElo "1954"]
[PlyCount "164"]
[EventDate "2020.03.23"]
[EventType "swiss (blitz)"]
[EventRounds "9"]
[EventCountry "GER"]
[SourceTitle "CBM 195 Extra"]
[Source "ChessBase"]
[SourceDate "2020.05.31"]
[SourceVersion "1"]
[SourceVersionDate "2020.05.31"]
[SourceQuality "1"]

1. e4 c5 2. Nf3 Nc6 3. Bb5 g6 4. 0-0 Bg7 5. c3 Nf6 6. Re1 0-0 7. h3 d6 8. d4 cxd4 9. cxd4 Bd7 10. Nc3 Rc8 11. Bg5 h6 12. Bf4 Kh7 13. Qd2 Nh5 14. Be3 Nf6 15. Rac1 a6 16. Ba4 b5 17. Bc2 e5 18. Nd5 Nxd5 19. exd5 Nxd4 20. Nxd4 exd4 21. Bxd4 Qh4 22. Bxg7 Kxg7 23. Re4 Qf6 24. Bb3 Bf5 25. Re3 Rxc1+ 26. Qxc1 Rc8 27. Rc3 Rxc3 28. bxc3 Qe5 29. Qd2 a5 30. a3 a4 31. Ba2 g5 32. Qb2 Bd3 33. Qd2 Qe2 34. Qxe2 Bxe2 35. f3 Kf6 36. Kf2 Bd3 37. Ke3 Bf1 38. g3 Bxh3 39. c4 Bf1 40. cxb5 Bxb5 41. Kd4 h5 42. Bb1 h4 43. gxh4 gxh4 44. f4 Bf1 45. Ke3 h3 46. Kf2 Bg2 47. Kg3 Bxd5 48. Kxh3 Bb3 49. Kg3 Ke6 50. Kf3 Kd5 51. Ke3 Kc4 52. Kd2 Kd4 53. Bd3 d5 54. Bf5 Bc4 55. Bc2 Bb5 56. Bf5 Bc6 57. Bc2 Kc4 58. Ke3 d4+ 59. Kd2 Bf3 60. Bxa4 Bg4 61. Be8 f6 62. Bf7+ Kc5 63. Be6 Bf3 64. Bf7 Be4 65. Bb3 Kb5 66. Bd1 Kc4 67. Bc2 d3 68. Bd1 Kd4 69. Bb3 Bc6 70. Be6 Bb5 71. Bb3 Ke4 72. Bf7 Kxf4 73. Bg6 f5 74. a4 Ba6 75. a5 Ke4 76. Bh7 Ke5 77. Bg6 f4 78. Bxd3 Bxd3 79. Kxd3 Kd5 80. a6 Kc6 81. Ke4 Kb6 82. Kxf4 Kxa6 1/2-1/2

[Event "GER-ch Net blitz qual4"]
[Site "Playchess.com INT"]
[Date "2020.03.23"]
[Round "8"]
[White "Leibbrand, Udo Manfred"]
[Black "Fischer, Thomas"]
[Result "0-1"]
[WhiteElo "2049"]
[BlackElo "1954"]
[PlyCount "42"]
[EventDate "2020.03.23"]
[EventType "swiss (blitz)"]
[EventRounds "9"]
[EventCountry "GER"]
[SourceTitle "CBM 195 Extra"]
[Source "ChessBase"]
[SourceDate "2020.05.31"]
[SourceVersion "1"]
[SourceVersionDate "2020.05.31"]
[SourceQuality "1"]

1. e4 c5 2. Nf3 Nc6 3. b4 e5 4. b5 Nd4 5. c3 Nxf3+ 6. Qxf3 Nf6 7. Bc4 d6 8. 0-0 Be6 9. Na3 Be7 10. h3 0-0 11. Rd1 d5 12. exd5 Nxd5 13. d4 cxd4 14. cxd4 e4 15. Qxe4 Nc3 16. Qe1 Nxd1 17. Bxe6 fxe6 18. Qxd1 Qd5 19. Qb3 Qxb3 20. axb3 a6 21. bxa6 Rxa6 0-1

[Event "GER-ch Net blitz qual3"]
[Site "Playchess.com INT"]
[Date "2020.03.21"]
[Round "3"]
[White "Cofman, Veaceslav"]
[Black "Fischer, Thomas"]
[Result "1-0"]
[WhiteElo "2272"]
[BlackElo "1954"]
[PlyCount "59"]
[EventDate "2020.03.21"]
[EventType "swiss (blitz)"]
[EventRounds "9"]
[EventCountry "GER"]
[SourceTitle "CBM 195 Extra"]
[Source "ChessBase"]
[SourceDate "2020.05.31"]
[SourceVersion "1"]
[SourceVersionDate "2020.05.31"]
[SourceQuality "1"]

1. Nf3 f5 2. b3 Nf6 3. Bb2 e6 4. g3 g6 5. Bg2 Bg7 6. 0-0 0-0 7. d3 d6 8. Nbd2 Qe7 9. e4 fxe4 10. Nxe4 Nxe4 11. Bxg7 Qxg7 12. dxe4 Nc6 13. Re1 Bd7 14. e5 d5 15. Qd2 Rf5 16. Qc3 Raf8 17. b4 a6 18. a4 Be8 19. b5 Nb8 20. Nd4 Rxe5 21. Nxe6 Rxe1+ 22. Qxe1 Qb2 23. Nxf8 Kxf8 24. Rb1 Qa3 25. Rb3 Qxa4 26. Rf3+ Kg7 27. Qe7+ Kh6 28. Qxe8 Qxb5 29. Qf8+ Kg5 30. h4+ 1-0

[Event "GER-ch Net blitz qual3"]
[Site "Playchess.com INT"]
[Date "2020.03.21"]
[Round "4"]
[White "Fischer, Thomas"]
[Black "Koepke, Christian"]
[Result "0-1"]
[WhiteElo "1954"]
[BlackElo "2342"]
[PlyCount "80"]
[EventDate "2020.03.21"]
[EventType "swiss (blitz)"]
[EventRounds "9"]
[EventCountry "GER"]
[SourceTitle "CBM 195 Extra"]
[Source "ChessBase"]
[SourceDate "2020.05.31"]
[SourceVersion "1"]
[SourceVersionDate "2020.05.31"]
[SourceQuality "1"]

1. e4 d5 2. exd5 Nf6 3. d4 Bg4 4. Be2 Bxe2 5. Nxe2 Qxd5 6. 0-0 e6 7. b3 Be7 8. c4 Qh5 9. Ng3 Qxd1 10. Rxd1 Nc6 11. Bb2 0-0-0 12. f3 Rd7 13. Ne2 Rhd8 14. a3 a5 15. Bc3 b6 16. Ra2 Nxd4 17. Nxd4 Bc5 18. Rad2 e5 19. Kf1 exd4 20. Bb2 Nh5 21. g3 g6 22. Rd3 Ng7 23. Nd2 Nf5 24. Ne4 Ne3+ 25. Ke2 Nxd1 26. Kxd1 f5 27. Nf6 Rd6 28. Nd5 c6 29. Nf4 Re8 30. Bc1 Rd7 31. h4 Rde7 32. Bd2 Bxa3 33. Rxd4 Rd7 34. Rxd7 Kxd7 35. Bc3 Re3 36. Kd2 Rxf3 37. Nd3 Rxg3 38. Bf6 Bb4+ 39. Ke2 Ke6 40. Nf4+ Kxf6 0-1

[Event "GER-ch Net blitz qual3"]
[Site "Playchess.com INT"]
[Date "2020.03.21"]
[Round "6"]
[White "Kopylov, Daniel"]
[Black "Fischer, Thomas"]
[Result "1-0"]
[WhiteElo "2348"]
[BlackElo "1954"]
[PlyCount "67"]
[EventDate "2020.03.21"]
[EventType "swiss (blitz)"]
[EventRounds "9"]
[EventCountry "GER"]
[SourceTitle "CBM 195 Extra"]
[Source "ChessBase"]
[SourceDate "2020.05.31"]
[SourceVersion "1"]
[SourceVersionDate "2020.05.31"]
[SourceQuality "1"]

1. e4 c5 2. Nf3 Nc6 3. d4 cxd4 4. Nxd4 Nf6 5. Nc3 e5 6. Ndb5 d6 7. Bg5 a6 8. Na3 b5 9. Bxf6 gxf6 10. Nd5 Bg7 11. c3 f5 12. exf5 Bxf5 13. Nc2 0-0 14. Nce3 Be6 15. Bd3 f5 16. 0-0 e4 17. Nf4 Bf7 18. Bc2 Qd7 19. Bb3 Ne5 20. Bxf7+ Rxf7 21. Qd5 Raf8 22. Rad1 Nd3 23. Nxd3 exd3 24. Rxd3 f4 25. Nc2 Be5 26. Rfd1 Qf5 27. Ne1 Kh8 28. Nf3 Rg7 29. Kh1 Qg4 30. Rg1 Rfg8 31. Nxe5 dxe5 32. Qxe5 f3 33. Rxf3 Qxf3 34. gxf3 1-0

[Event "GER-ch Net blitz qual2"]
[Site "Playchess.com INT"]
[Date "2020.03.16"]
[Round "3"]
[White "Fischer, Thomas"]
[Black "Haeussler, Daniel"]
[Result "0-1"]
[WhiteElo "1954"]
[BlackElo "1985"]
[PlyCount "114"]
[EventDate "2020.03.16"]
[EventType "swiss (blitz)"]
[EventRounds "9"]
[EventCountry "GER"]
[SourceTitle "CBM 195 Extra"]
[Source "ChessBase"]
[SourceDate "2020.05.31"]
[SourceVersion "1"]
[SourceVersionDate "2020.05.31"]
[SourceQuality "1"]

1. e4 c5 2. c3 d5 3. exd5 Qxd5 4. d4 Nc6 5. Nf3 e5 6. Be3 e4 7. Ne5 Nxe5 8. dxe5 Qxd1+ 9. Kxd1 Bg4+ 10. Kc2 0-0-0 11. Bc4 f5 12. exf6 Nxf6 13. Nd2 Bd6 14. h3 Bh5 15. g4 Bg6 16. Rad1 Rhe8 17. Nb3 b6 18. a4 Kc7 19. Rd2 Be5 20. Rhd1 Rxd2+ 21. Rxd2 Rd8 22. Be6 Rxd2+ 23. Nxd2 Kd6 24. Bc8 Bh2 25. a5 Nd5 26. Nc4+ Kc7 27. Be6 Nxe3+ 28. fxe3 b5 29. Na3 Kc6 30. b4 cxb4 31. cxb4 Bd6 32. Kc3 Be5+ 33. Kb3 Kd6 34. Bc8 Bf7+ 35. Kc2 Kc6 36. Ba6 h5 37. Bxb5+ Kc7 38. gxh5 Bxh5 39. Kd2 Bd6 40. Nc2 Bf7 41. Be2 Bb3 42. Kc3 Bxc2 43. Kxc2 Bxb4 44. a6 Kd6 45. Bc4 Ke5 46. Bb5 Kf6 47. Bc6 Kf5 48. Kb3 Bc5 49. Kc4 Bxe3 50. Kd5 Bb6 51. Kd6 e3 52. Bb5 Kf4 53. Kd5 Kg3 54. Ke4 Kxh3 55. Kf3 g5 56. Bd7+ Kh4 57. Bg4 e2 0-1

[Event "Oberliga Baden 1617"]
[Site "Baden"]
[Date "2017.05.07"]
[Round "9.8"]
[White "Ruf, Thomas"]
[Black "Fischer, Thomas"]
[Result "1/2-1/2"]
[WhiteElo "1720"]
[BlackElo "1967"]
[PlyCount "70"]
[EventDate "2016.10.16"]
[EventType "team-tourn"]
[EventRounds "9"]
[EventCountry "GER"]
[SourceTitle "EXT 2018"]
[Source "ChessBase"]
[SourceDate "2017.10.13"]
[SourceVersion "1"]
[SourceVersionDate "2017.10.13"]
[SourceQuality "1"]
[WhiteTeam "Oberwinden"]
[BlackTeam "Dreilaendereck"]
[WhiteTeamCountry "GER"]
[BlackTeamCountry "GER"]

1. e4 c5 2. d3 Nc6 3. Nc3 e5 4. f4 Nf6 5. Nf3 d6 6. Be2 Be7 7. 0-0 0-0 8. Nd5 b5 9. b3 Be6 10. c4 bxc4 11. bxc4 Rb8 12. fxe5 dxe5 13. Bd2 Qd6 14. Bc3 Nd7 15. Qd2 Nd4 16. Rab1 h6 17. h3 f5 18. Rxb8 Rxb8 19. Nxe7+ Qxe7 20. exf5 Bxf5 21. Nxd4 exd4 22. Bxd4 Bxh3 23. Bxc5 Qxc5+ 24. d4 Qd6 25. gxh3 Qg3+ 26. Kh1 Qxh3+ 27. Kg1 Rb6 28. Qd3 Qh4 29. Rf2 Rf6 30. Rxf6 Nxf6 31. c5 Ne4 32. Qf3 Qg5+ 33. Kh2 Qh4+ 34. Kg1 Qg5+ 35. Kh2 Qh4+ 1/2-1/2

[Event "Oberliga Baden 1617"]
[Site "Baden"]
[Date "2017.02.19"]
[Round "6.8"]
[White "Fischer, Thomas"]
[Black "Kachiani Gersinska, Ketino"]
[Result "0-1"]
[WhiteElo "1967"]
[BlackElo "2358"]
[PlyCount "56"]
[EventDate "2016.10.16"]
[EventType "team-tourn"]
[EventRounds "9"]
[EventCountry "GER"]
[SourceTitle "EXT 2018"]
[Source "ChessBase"]
[SourceDate "2017.10.13"]
[SourceVersion "1"]
[SourceVersionDate "2017.10.13"]
[SourceQuality "1"]
[WhiteTeam "Dreilaendereck"]
[BlackTeam "Baden-Baden II"]
[WhiteTeamCountry "GER"]
[BlackTeamCountry "GER"]

1. e4 c6 2. d4 d5 3. Nc3 dxe4 4. Nxe4 Bf5 5. Ng3 Bg6 6. Nf3 Nd7 7. h4 h6 8. h5 Bh7 9. Bc4 e6 10. Qe2 Ngf6 11. 0-0 Be7 12. Bb3 a5 13. a4 0-0 14. Re1 Qc7 15. Bd2 Rfe8 16. Ne5 Nxe5 17. dxe5 Nd5 18. f4 Bc5+ 19. Kh1 Qd8 20. Qg4 Ne7 21. Rad1 Qb6 22. Rf1 Rad8 23. Bc3 Rxd1 24. Rxd1 Rd8 25. Rxd8+ Qxd8 26. Kh2 Nf5 27. Be1 Ne3 28. Qh3 Qd1 0-1

[Event "Verbandsliga Suedbaden 1415"]
[Site "Baden"]
[Date "2015.02.08"]
[Round "6.6"]
[White "Fischer, Thomas"]
[Black "Kick, Joachim"]
[Result "1-0"]
[WhiteElo "1955"]
[BlackElo "2137"]
[PlyCount "97"]
[EventDate "2014.10.12"]
[EventType "team-tourn"]
[EventRounds "9"]
[EventCountry "GER"]
[SourceTitle "EXT 2022"]
[Source "ChessBase"]
[SourceDate "2021.10.06"]
[SourceVersion "1"]
[SourceVersionDate "2021.10.06"]
[SourceQuality "1"]
[WhiteTeam "Dreilaendereck"]
[BlackTeam "Kuppenheim"]
[WhiteTeamCountry "GER"]
[BlackTeamCountry "GER"]

1. e4 c5 2. c3 Nf6 3. e5 Nd5 4. d4 cxd4 5. Nf3 e6 6. cxd4 d6 7. Nc3 Nxc3 8. bxc3 Qc7 9. Qb3 Be7 10. Bf4 0-0 11. Rb1 Nd7 12. Bd3 b6 13. Be4 Rb8 14. 0-0 Bb7 15. Bxb7 Rxb7 16. c4 dxe5 17. Nxe5 Nxe5 18. Bxe5 Bd6 19. f4 Rd8 20. Rbd1 f6 21. c5 bxc5 22. Qxe6+ Qf7 23. Qxf7+ Kxf7 24. Bxd6 Rxd6 25. dxc5 Rc6 26. Rd5 Ke6 27. Rfd1 g6 28. g4 Rbc7 29. f5+ Ke7 30. Re1+ Kf7 31. Rc1 Ra6 32. Rc2 Ra4 33. h3 g5 34. c6 h5 35. gxh5 Rh4 36. Kg2 Rxh5 37. Rcd2 Ke7 38. Rd7+ Rxd7 39. Rxd7+ Ke8 40. Rxa7 Kd8 41. Rf7 Rh4 42. Rxf6 g4 43. hxg4 Rxg4+ 44. Kf3 Ra4 45. Rf7 Rxa2 46. c7+ Kc8 47. Kf4 Ra6 48. Kg5 Rc6 49. Re7 1-0

[Event "Verbandsliga Suedbaden 1415"]
[Site "Baden"]
[Date "2014.11.02"]
[Round "2.8"]
[White "Sussmann, Stefan"]
[Black "Fischer, Thomas"]
[Result "0-1"]
[WhiteElo "2076"]
[BlackElo "1955"]
[PlyCount "76"]
[EventDate "2014.10.12"]
[EventType "team-tourn"]
[EventRounds "9"]
[EventCountry "GER"]
[SourceTitle "EXT 2022"]
[Source "ChessBase"]
[SourceDate "2021.10.06"]
[SourceVersion "1"]
[SourceVersionDate "2021.10.06"]
[SourceQuality "1"]
[WhiteTeam "Sasbach"]
[BlackTeam "Dreilaendereck"]
[WhiteTeamCountry "GER"]
[BlackTeamCountry "GER"]

1. Na3 d5 2. c3 e5 3. d4 Nc6 4. Nc2 Nf6 5. Bg5 Be7 6. Nf3 exd4 7. Bxf6 Bxf6 8. cxd4 Bf5 9. e3 0-0 10. Bd3 Qd7 11. 0-0 Rfe8 12. Bxf5 Qxf5 13. Nfe1 Re6 14. Qd3 Qh5 15. Qd1 Qh4 16. Qf3 Be7 17. g3 Qg5 18. Nd3 Bd6 19. b4 Ne7 20. b5 Rf6 21. Qg2 Qf5 22. Rfd1 Ng6 23. Nce1 h5 24. Nc5 Bxc5 25. dxc5 c6 26. Rd4 Re8 27. Rad1 Re4 28. Rxe4 dxe4 29. Rd4 Re6 30. bxc6 bxc6 31. Rd8+ Kh7 32. Nc2 Qxc5 33. Nd4 Re5 34. Qh3 h4 35. Kg2 Rh5 36. g4 Rg5 37. Rc8 Qxd4 38. Rxc6 Qd7 0-1

[Event "Rheinland Pfalz op 5th"]
[Site "Worms"]
[Date "2013.06.01"]
[Round "6"]
[White "Muckle, Julius"]
[Black "Fischer, Thomas"]
[Result "1-0"]
[WhiteElo "1804"]
[BlackElo "2027"]
[PlyCount "51"]
[EventDate "2013.05.30"]
[EventType "swiss"]
[EventRounds "7"]
[EventCountry "GER"]
[SourceTitle "EXT 2014"]
[Source "ChessBase"]
[SourceDate "2013.11.20"]
[SourceVersion "1"]
[SourceVersionDate "2013.11.20"]
[SourceQuality "1"]

1. d4 f5 2. c4 g6 3. g3 Bg7 4. Bg2 Nf6 5. Nc3 d6 6. Nh3 0-0 7. 0-0 c6 8. f4 Na6 9. Nf2 e6 10. e4 d5 11. e5 Ne4 12. Nfxe4 dxe4 13. Be3 Rf7 14. a3 Bf8 15. Rf2 Rd7 16. Rd2 Nc7 17. Bf1 b6 18. Rc1 Bb7 19. b4 Be7 20. Qb3 Qf8 21. Rcd1 Qf7 22. b5 cxb5 23. d5 bxc4 24. dxe6 Nxe6 25. Bxc4 Rxd2 26. Bxe6 1-0

[Event "Rheinland Pfalz op 5th"]
[Site "Worms"]
[Date "2013.05.31"]
[Round "3"]
[White "Fischer, Thomas"]
[Black "Lanka, Zigurds"]
[Result "0-1"]
[WhiteElo "2027"]
[BlackElo "2427"]
[PlyCount "92"]
[EventDate "2013.05.30"]
[EventType "swiss"]
[EventRounds "7"]
[EventCountry "GER"]
[SourceTitle "EXT 2014"]
[Source "ChessBase"]
[SourceDate "2013.11.20"]
[SourceVersion "1"]
[SourceVersionDate "2013.11.20"]
[SourceQuality "1"]

1. e4 c5 2. c3 Nf6 3. e5 Nd5 4. d4 cxd4 5. Nf3 Nc6 6. Bb5 g6 7. 0-0 Bg7 8. Re1 0-0 9. cxd4 Nc7 10. Bc4 d6 11. exd6 Qxd6 12. Be3 Bf5 13. Nc3 Rad8 14. Qb3 Na5 15. Qa4 Nxc4 16. Qxc4 a6 17. Rac1 b5 18. Qb3 Ne6 19. d5 Nf4 20. Bxf4 Qxf4 21. Rcd1 Bg4 22. Rd3 Qf5 23. Qd1 b4 24. Na4 Qd7 25. b3 Qd6 26. h3 Bf5 27. Rd2 Bd7 28. Re4 Bxa4 29. bxa4 Bc3 30. Rd3 e6 31. a3 a5 32. axb4 axb4 33. Ng5 exd5 34. Rh4 Rfe8 35. Ne4 Qe7 36. Nxc3 bxc3 37. Rhd4 Rc8 38. Qc2 Qe1+ 39. Kh2 Re2 40. Re3 Rxc2 41. Rxe1 Rc5 42. Red1 Rxf2 43. Rxd5 c2 44. Rd8+ Kg7 45. Rc1 Rg5 46. Rg1 Rfxg2+ 0-1

[Event "Verbandsliga Sued Baden 1011"]
[Site "Baden"]
[Date "2011.03.27"]
[Round "8.8"]
[White "Fischer, Thomas"]
[Black "Schuler, Klaus"]
[Result "1-0"]
[WhiteElo "2199"]
[BlackElo "2196"]
[PlyCount "135"]
[EventDate "2010.10.17"]
[EventType "team-tourn"]
[EventRounds "9"]
[EventCountry "GER"]
[SourceTitle "EXT 2012"]
[Source "ChessBase"]
[SourceDate "2011.11.24"]
[SourceVersion "1"]
[SourceVersionDate "2011.11.24"]
[SourceQuality "1"]
[WhiteTeam "Dreilaendereck"]
[BlackTeam "Lahr"]
[WhiteTeamCountry "GER"]
[BlackTeamCountry "GER"]

1. e4 d5 2. exd5 Nf6 3. d4 Nxd5 4. Nf3 Bg4 5. Bc4 e6 6. Nc3 Be7 7. h3 Bh5 8. Ne4 Nd7 9. Qd3 Bg6 10. Qe2 0-0 11. 0-0 c6 12. a4 Qc7 13. Bb3 Rfe8 14. c4 Nb4 15. Bd2 e5 16. d5 Bxe4 17. Qxe4 Nc5 18. Qe3 Nxb3 19. Qxb3 Na6 20. dxc6 bxc6 21. Be3 Rab8 22. Qc3 Bf6 23. Bg5 Bxg5 24. Nxg5 Qe7 25. Qa5 Nc5 26. Ra3 Rxb2 27. Rg3 h6 28. Nf3 Ra2 29. Re1 Nd3 30. Re3 Ra1+ 31. Kh2 Nxf2 32. Ng1 Nd1 33. Re1 Qd8 34. Qxa7 Qd2 35. Nf3 Qf4 36. Qd7 Ra8 37. Rxd1 R1xa4 38. Qg4 g6 39. Re1 Rxc4 40. Nxe5 Qxg4 41. Rxg4 Rc5 42. Rc4 Rxc4 43. Nxc4 Ra7 44. Re8+ Kg7 45. Rc8 Re7 46. Rxc6 Ra7 47. Kg3 Re7 48. h4 Rd7 49. Ne5 Rb7 50. Kf4 Re7 51. g4 Rb7 52. h5 Rb4+ 53. Rc4 Rb7 54. hxg6 f6 55. Nf3 Kxg6 56. Nh4+ Kf7 57. Nf5 Kg6 58. Nh4+ Kf7 59. Rc5 Rb4+ 60. Kf5 Rb7 61. Ng6 Ra7 62. Nf4 Re7 63. Nh5 Re1 64. Rc7+ Ke8 65. Kxf6 Re4 66. Kf5 Ra4 67. Nf6+ Kd8 68. Rh7 1-0

[Event "Verbandsliga Sued Baden 1011"]
[Site "Baden"]
[Date "2010.12.12"]
[Round "4.6"]
[White "Bernrader Hauns, Harald"]
[Black "Fischer, Thomas"]
[Result "0-1"]
[WhiteElo "1953"]
[BlackElo "2211"]
[PlyCount "52"]
[EventDate "2010.10.17"]
[EventType "team-tourn"]
[EventRounds "9"]
[EventCountry "GER"]
[SourceTitle "EXT 2012"]
[Source "ChessBase"]
[SourceDate "2011.11.24"]
[SourceVersion "1"]
[SourceVersionDate "2011.11.24"]
[SourceQuality "1"]
[WhiteTeam "Iffezheim"]
[BlackTeam "Dreilaendereck"]
[WhiteTeamCountry "GER"]
[BlackTeamCountry "GER"]

1. e4 c5 2. Nc3 e6 3. d3 d5 4. e5 Nc6 5. f4 f5 6. Nf3 Nge7 7. b3 d4 8. Ne2 Nd5 9. Ng3 g6 10. Be2 Bh6 11. c4 dxc3 12. d4 Qb6 13. a4 cxd4 14. Bb5 0-0 15. Bxc6 bxc6 16. Qxd4 Ba6 17. Qxb6 axb6 18. Nd4 Nxf4 19. Bxf4 Bxf4 20. Nxe6 Bd2+ 21. Kf2 Rf7 22. Ra2 Re7 23. Nd4 Rxe5 24. Nf3 Be3+ 25. Ke1 Rd5 26. Ne2 Re8 0-1

[Event "Verbandsliga Sued Baden 0809"]
[Site "Germany"]
[Date "2009.03.22"]
[Round "8.7"]
[White "Schmidt, Maurin"]
[Black "Fischer, Thomas"]
[Result "0-1"]
[WhiteElo "1917"]
[BlackElo "2213"]
[PlyCount "48"]
[EventDate "2008.09.28"]
[EventType "team-tourn"]
[EventRounds "9"]
[EventCountry "GER"]
[SourceTitle "EXT 2010"]
[Source "ChessBase"]
[SourceDate "2010.11.25"]
[SourceVersion "1"]
[SourceVersionDate "2010.11.25"]
[SourceQuality "1"]
[WhiteTeam "Gottmadingen"]
[BlackTeam "Dreilaendereck"]
[WhiteTeamCountry "GER"]
[BlackTeamCountry "GER"]

1. d4 f5 2. g4 fxg4 3. h3 d5 4. Bg2 Nf6 5. Nc3 Bf5 6. Bg5 e6 7. Qd2 Bb4 8. 0-0-0 h6 9. hxg4 Bxg4 10. f3 Bf5 11. e4 Bh7 12. Bxf6 Qxf6 13. exd5 0-0 14. dxe6 Qxe6 15. Nge2 Nd7 16. f4 Nf6 17. Kb1 c6 18. Rdg1 Kh8 19. Rh3 Ne4 20. Qe1 Rae8 21. Qh4 Be7 22. Qh5 Nf6 23. Qe5 Qc4 24. Be4 Bd8 0-1